LEADER 02096nas 2200517-a 450 001 9910895985603321 005 20260218112412.0 035 $a(DE-599)ZDB2653339-X 035 $a(OCoLC)4471348 035 $a(CKB)110978978193858 035 $a(CONSER)---76649365- 035 $a(DE-599)2653339-X 035 $a(EXLCZ)99110978978193858 100 $a20781218b19761982 -a- b 101 0 $aspa 181 $ctxt$2rdacontent 182 $cn$2rdamedia 200 00$aEstadística panameña$iSituación económica$hSección 312, producción agropecuaria$iSuperficie sembrada y cosecha de arroz, maíz y frijol de bejuco 210 $aPanamá $cDirección de Estadística y Censo 311 08$a0378-2565 517 3 $aEstadística panameña. Situación económica, sección trescientos doce-producción agropecuaria. Superficie sembrada y cosecha de arroz, maíz y frijol de bejuco 517 1 $aSituación económica: superficie sembrada y cosecha de arroz, maíz y frijol de bejuco 517 3 $aSuperficie sembrada y cosecha de arroz, maíz y frijol de bejuco 531 $aESTADISTICA PANAMENA SITUACION ECONOMICA SECCION 312 SUPERFICIE SEMBRADA Y COSEC 531 0 $aEstad. panameña, Situac. econ., Secc. 312, Prod. agropecu., Superf. sembrad cosecha arroz, maiz, frijol bejuco 606 $aRice$zPanama$vStatistics$vPeriodicals 606 $aCorn$zPanama$vStatistics$vPeriodicals 606 $aBeans$zPanama$vStatistics$vPeriodicals 606 $aBeans$2fast$3(OCoLC)fst00829213 606 $aCorn$2fast$3(OCoLC)fst00878993 606 $aRice$2fast$3(OCoLC)fst01097334 607 $aPanama$2fast$1https://id.oclc.org/worldcat/entity/E39PBJdx9kJcd7ywkt4hGVxv73 608 $aPeriodicals.$2fast 608 $aStatistics.$2fast 615 0$aRice 615 0$aCorn 615 0$aBeans 615 7$aBeans. 615 7$aCorn. 615 7$aRice. 676 $a338.1/73/097287 712 02$aPanama.$bDireccio?n de Estadi?stica y Censo. 906 $aJOURNAL 912 $a9910895985603321 996 $aEstadística Panameña$94224423 997 $aUNINA LEADER 03084nam 22004453 450 001 9910154295803321 005 20230810001508.0 010 $a1-101-99279-4 035 $a(CKB)3710000000971518 035 $a(MiAaPQ)EBC6041805 035 $a(Au-PeEL)EBL6041805 035 $a(OCoLC)1155988859 035 $a(BIP)58714208 035 $a(BIP)55285348 035 $a(EXLCZ)993710000000971518 100 $a20210901d2017 uy 0 101 0 $aeng 135 $aurcnu|||||||| 181 $ctxt$2rdacontent 182 $cc$2rdamedia 183 $acr$2rdacarrier 200 10$aBuild Your Dream Network $eForging Powerful Relationships in a Hyper-Connected World 205 $a1st ed. 210 1$a :$cPenguin Publishing Group,$d2017. 210 4$d©2017. 215 $a1 online resource (167 pages) 311 08$a0-14-311148-5 330 $aCut through the networking noise and start building the powerful, real relationships needed to succeed in our digital world If you think of networking as schmoozing at boring cocktail parties or scrolling through LinkedIn for new contacts to add, think again. In the social media age, you need a modern roadmap for creating and cultivating meaningful connections to stand out from the crowd and achieve any of your goals, no matter how big or small.   In Build Your Dream Network , acclaimed business columnist and networking expert J. Kelly Hoey offers a fresh new approach to mastering this timeworn skill in a world where everyone is posting, liking, and friending fast and furiously, but many are failing to leverage their connections successfully. Hoey presents innovative strategies for forming strong relationships--the genuine, mutually beneficial, long-lasting kind--using all of the social tools at your disposal. She also reveals creative and surprisingly simple ways to harness the power of your network to accomplish any ambition, from landing your dream job or a coveted account or client to successfully crowdfunding a new business venture. Build Your Dream Network will help you: - Determine the most effective ways to connect with others so you don't clutter your calendar with dead-end coffee dates and informational interviews - Synchronize IRL networking efforts with your digital outreach - Turn "closed door" conversations into strong personal relationships and business opportunities - Eliminate FOMO by keeping your networking efforts focused   Packed with infographics, flowcharts, and encouraging advice, Build Your Dream Network shows how small adjustments in your daily routine, generosity, and goal-focused efforts are all it takes to set you apart and ignite the powerful connections that will lead to major opportunities for success. 606 $aBusiness networks 615 0$aBusiness networks. 676 $a650.1/3 700 $aHoey$b J. Kelly$01164596 701 $aPeters$b Tom$0106589 801 0$bMiAaPQ 801 1$bMiAaPQ 801 2$bMiAaPQ 906 $aBOOK 912 $a9910154295803321 996 $aBuild Your Dream Network$92715057 997 $aUNINA